Computing for Engineers and Scientists with Fortran 77
| Main Author: | |
|---|---|
| Format: | Section = Libro |
| Language: | Undetermined Spanish |
| Published: |
United States
John Wiley & Sons
1984
|
| Subjects: |
| LEADER | 00583nam a2200205Ia 4500 | ||
|---|---|---|---|
| 008 | 240830s9999 xx 000 0 und d | ||
| 020 | |a 0-471-09701-2 | ||
| 040 | |a CEDOC FIQ-RUSB / 511 M478 | ||
| 041 | |a spa | ||
| 082 | |a 511 M478 | ||
| 100 | 1 | |a McCracken, Daniel D | |
| 245 | 1 | 0 | |a Computing for Engineers and Scientists with Fortran 77 |
| 260 | |a United States |b John Wiley & Sons |c 1984 | ||
| 300 | |a 361 p.: il. | ||
| 650 | 7 | |a ANÁLISIS NÚMERICO | |
| 650 | 7 | |b ESTRUCTURAS DE CONTROL | |
| 650 | 7 | |c DESARROLLO Y PRUEBAS DEL PROGRAMA | |
| 942 | |c BK |2 ddc | ||
| 991 | |a TEXTO | ||
| 999 | |c 13131 | ||